Welcome to CU Library Online Public Access Catalogue (OPAC)

Critical care medicine : (Record no. 3371)

MARC details
000 -LEADER
fixed length control field 01080cam a22002894a 4500
001 - CONTROL NUMBER
control field 15838595
005 - DATE AND TIME OF LATEST TRANSACTION
control field 20250201203745.0
008 - FIXED-LENGTH DATA ELEMENTS--GENERAL INFORMATION
fixed length control field 090723s2010 paua b 001 0 eng
020 ## - INTERNATIONAL STANDARD BOOK NUMBER
International Standard Book Number 9780781798396
020 ## - INTERNATIONAL STANDARD BOOK NUMBER
International Standard Book Number 0781798396
050 00 - LIBRARY OF CONGRESS CALL NUMBER
Classification number RC86.8
Item number .M386 2010
082 00 - DEWEY DECIMAL CLASSIFICATION NUMBER
Classification number 616.02/8
Edition information 22
100 1# - MAIN ENTRY--PERSONAL NAME
Personal name Marini, John J.
245 10 - TITLE STATEMENT
Title Critical care medicine :
Remainder of title the essentials /
Statement of responsibility, etc. John J. Marini, Arthur P. Wheeler.
250 ## - EDITION STATEMENT
Edition statement 4th ed.
260 ## - PUBLICATION, DISTRIBUTION, ETC.
Place of publication, distribution, etc. Philadelphia :
Name of publisher, distributor, etc. Wollters Kluwer/Lippincott Williams & Wilkins,
Date of publication, distribution, etc. c2010.
300 ## - PHYSICAL DESCRIPTION
Extent xii, 708 p. :
Other physical details ill. ;
Dimensions 26 cm.
650 #0 - SUBJECT ADDED ENTRY--TOPICAL TERM
Topical term or geographic name entry element Critical care medicine
Form subdivision Handbooks, manuals, etc.
650 #0 - SUBJECT ADDED ENTRY--TOPICAL TERM
Topical term or geographic name entry element Surgical intensive care
Form subdivision Handbooks, manuals, etc.
650 12 - SUBJECT ADDED ENTRY--TOPICAL TERM
Topical term or geographic name entry element Critical Care
General subdivision methods.
650 22 - SUBJECT ADDED ENTRY--TOPICAL TERM
Topical term or geographic name entry element Emergencies.
650 22 - SUBJECT ADDED ENTRY--TOPICAL TERM
Topical term or geographic name entry element Intensive Care
General subdivision methods.
700 1# - ADDED ENTRY--PERSONAL NAME
Personal name Wheeler, Arthur P.
856 42 - ELECTRONIC LOCATION AND ACCESS
Materials specified Publisher description
Uniform Resource Identifier <a href="http://www.loc.gov/catdir/enhancements/fy1010/2009030607-d.html">http://www.loc.gov/catdir/enhancements/fy1010/2009030607-d.html</a>
856 41 - ELECTRONIC LOCATION AND ACCESS
Materials specified Table of contents only
Uniform Resource Identifier <a href="http://www.loc.gov/catdir/enhancements/fy1012/2009030607-t.html">http://www.loc.gov/catdir/enhancements/fy1012/2009030607-t.html</a>
942 ## - ADDED ENTRY ELEMENTS (KOHA)
Source of classification or shelving scheme Library of Congress Classification
Koha item type Books
Edition 4th ed.
Suppress in OPAC No
999 ## -
-- 3371
-- 3371
Holdings
Withdrawn status Lost status Source of classification or shelving scheme Damaged status Not for loan Collection Home library Current library Shelving location Date acquired Total checkouts Full call number Barcode Date last seen Copy number Price effective from Koha item type
    Library of Congress Classification     Non-fiction Science Library (Miotso) Science Library (Miotso) General stacks 02/01/2025   RC86.8 .M386 MAR SLM00002813 02/01/2025 1 02/01/2025 Books
    Library of Congress Classification     Non-fiction Science Library (Miotso) Science Library (Miotso) General stacks 02/01/2025   RC86.8 .M386 MAR SLM00002814 02/01/2025 2 02/01/2025 Books
    Library of Congress Classification     Non-fiction Science Library (Miotso) Science Library (Miotso) General stacks 02/01/2025   RC86.8 .M386 MAR SLM00002815 02/01/2025 3 02/01/2025 Books
    Library of Congress Classification     Non-fiction Science Library (Miotso) Science Library (Miotso) General stacks 02/01/2025   RC86.8 .M386 MAR SLM00002816 02/01/2025 4 02/01/2025 Books
    Library of Congress Classification     Non-fiction Science Library (Miotso) Science Library (Miotso) General stacks 02/01/2025   RC86.8 .M386 MAR SLM00002817 02/01/2025 5 02/01/2025 Books
© 2023-2024 Copyright: Central University Libraries. All Rights Reserved | Created by: Mahone Tech Office